Zokusei goi /
Disimpan dalam:
| Pengarang Utama: | |
|---|---|
| Format: | Buku |
| Bahasa: | Japanese |
| Diterbitkan: |
Tōkyō :
Nihon Hōri Kenkyūkai,
Shōwa 18 [1943].
|
| Edisi: | Shohan. |
| Subjek-subjek: | |
| Penanda-penanda: |
Tambah Penanda
Tiada Penanda, Jadilah orang pertama menanda rekod ini!
|
| LEADER | 00852nam a2200265ua 4500 | ||
|---|---|---|---|
| 001 | 007724217-3 | ||
| 005 | 20024617115958.0 | ||
| 008 | 900814s1943 ja d 001 0 jpn d | ||
| 035 | 0 | |a ocm22851064 | |
| 040 | |a RPB |c RPB |d *YNH* |d CStRLIN | ||
| 043 | |a a-ja--- | ||
| 100 | 1 | |6 880-01 |a Yanagita, Kunio, |d 1875-1962. | |
| 245 | 1 | 0 | |6 880-02 |a Zokusei goi / |c Yanagita Kunio cho. |
| 250 | |6 880-03 |a Shohan. | ||
| 260 | |6 880-04 |a Tōkyō : |b Nihon Hōri Kenkyūkai, |c Shōwa 18 [1943]. | ||
| 300 | |a 8, 1, 253, 21 p. ; |c 19 cm. | ||
| 500 | |a Includes index. | ||
| 650 | 0 | |a Kinship |z Japan. | |
| 650 | 0 | |a Kinship |v Terminology. | |
| 880 | 1 | |6 100-01 |a 柳田國男, |d 1875-1962. | |
| 880 | 1 | 0 | |6 245-02 |a 族制語彙 / |c 柳田國男著. |
| 880 | |6 250-03 |a 初版. | ||
| 880 | |6 260-04 |a 東京 : |b 日本法理研究会, |c 昭和18 [1943]. | ||
| 988 | |a 20021214 | ||
| 906 | |0 OCLC | ||


